书目信息 |
| 题名: |
北京市种植业面源污染综合防控技术与管理指南
|
|
| 作者: | 文方芳 , 李云龙 , 张卫东 主编 | |
| 分册: | ||
| 出版信息: | 北京 中国农业科学技术出版社 2022.02 |
|
| 页数: | 140页 | |
| 开本: | 21cm | |
| 丛书名: | ||
| 单 册: | ||
| 中图分类: | X501-62 | |
| 科图分类: | ||
| 主题词: | 种植业--zhong zhi ye--农业污染源--面源污染--污染防治--北京--指南 | |
| 电子资源: | ||
| ISBN: | 978-7-5116-5698-8 | |
| 000 | 01242nam0 2200253 450 | |
| 001 | 25694 | |
| 005 | 20220919132829.51 | |
| 010 | @a978-7-5116-5698-8@dCNY29.00 | |
| 100 | @a20220630d2022 em y0chiy50 ea | |
| 101 | 0 | @achi |
| 102 | @aCN@b110000 | |
| 105 | @aak a 000yy | |
| 200 | 1 | @a北京市种植业面源污染综合防控技术与管理指南@Abei jing shi zhong zhi ye mian yuan wu ran zong he fang kong ji shu yu guan li zhi nan@f文方芳, 李云龙, 张卫东主编 |
| 210 | @a北京@c中国农业科学技术出版社@d2022.02 | |
| 215 | @a140页@c图@d21cm | |
| 320 | @a有书目 (第138-140页) | |
| 330 | @a本书详细介绍了北京地区种植业面源污染的防控策略、技术措施和管理措施, 旨在为政府管理部门、农业技术推广部门、生产园区和种植户提供参考, 从农业政策制定、农业生产管理、农业技术服务、农业技术应用等各层面发挥合力, 科学开展种植业面源污染防控工作, 减少不合理的化学肥料和化学农药使用, 提高资源利用率, 减少农田环境污染, 保护农业生态环境, 为维护北京生态系统健康提供保障。 | |
| 606 | 0 | @a种植业@Azhong zhi ye@x农业污染源@x面源污染@x污染防治@y北京@j指南 |
| 690 | @aX501-62@v5 | |
| 701 | 0 | @a文方芳@Awen fang fang@4主编 |
| 701 | 0 | @a李云龙@Ali yun long@4主编 |
| 701 | 0 | @a张卫东@Azhang wei dong@4主编 |
| 801 | 0 | @aCN@c20220910 |
| 905 | @a河南城建学院图书馆@dX501-62@eW629@f1 | |
| 北京市种植业面源污染综合防控技术与管理指南/文方芳, 李云龙, 张卫东主编.-北京:中国农业科学技术出版社,2022.02 |
| 140页:图;21cm |
| ISBN 978-7-5116-5698-8:CNY29.00 |
| 本书详细介绍了北京地区种植业面源污染的防控策略、技术措施和管理措施, 旨在为政府管理部门、农业技术推广部门、生产园区和种植户提供参考, 从农业政策制定、农业生产管理、农业技术服务、农业技术应用等各层面发挥合力, 科学开展种植业面源污染防控工作, 减少不合理的化学肥料和化学农药使用, 提高资源利用率, 减少农田环境污染, 保护农业生态环境, 为维护北京生态系统健康提供保障。 |
| ● |
| 相关链接 |
|
|
|
正题名:北京市种植业面源污染综合防控技术与管理指
索取号:X501-62/W629
 
预约/预借
| 序号 | 登录号 | 条形码 | 馆藏地/架位号 | 状态 | 备注 |
| 1 | 1576539 | 215765394 | 自科库501/501自科库 98排2列5层/ [索取号:X501-62/W629] | 在馆 |